Garden Project : (Record no. 36591)
[ view plain ]
| 000 -LEADER | |
|---|---|
| fixed length control field | 00504nam a22001697a 4500 |
| 005 - DATE AND TIME OF LATEST TRANSACTION | |
| control field | 20241001122608.0 |
| 008 - FIXED-LENGTH DATA ELEMENTS--GENERAL INFORMATION | |
| fixed length control field | 241001b |||||||| |||| 00| 0 eng d |
| 020 ## - INTERNATIONAL STANDARD BOOK NUMBER | |
| ISBN | 978-1854355522 |
| 082 ## - DEWEY DECIMAL CLASSIFICATION NUMBER | |
| Classification number | 635.967 |
| Item number | KEI-G |
| 100 ## - MAIN ENTRY--AUTHOR | |
| Author Name | Faulkener, Keith |
| 245 ## - TITLE STATEMENT | |
| Title | Garden Project : |
| Remainder of title | Planning and building a beautiful a garden / |
| Statement of responsibility, etc. | by Keith, Faulkener |
| 260 ## - PUBLICATION, DISTRIBUTION, ETC. | |
| Place of Publication | Hong kong : |
| Name of publisher, distributor, etc. | windword ; |
| Date of publication, distribution, etc. | 2007 |
| 300 ## - PHYSICAL DESCRIPTION | |
| Pages | 256 p. : |
| 500 ## - GENERAL NOTE | |
| General note | Include Index. |
| 650 ## - SUBJECT ADDED ENTRY--TOPICAL TERM | |
| Subject / Department | Agriculture |
| 300 ## - PHYSICAL DESCRIPTION | |
| -- | col. ill ; |
| -- | 24cm. |
| 952 ## - LOCATION AND ITEM INFORMATION (KOHA) | |
| -- | 0 |
| -- | 0 |
| Lost status | Damaged status | Collection code | Permanent Location | Current Location | Shelving Location | Date acquired | Full Call Number | Accession No./Barcode | Date last seen | item type | Koha item type |
|---|---|---|---|---|---|---|---|---|---|---|---|
| Agriculture and Veterinary | Superior Information Resource Center (SIRC) Superior University- Central Library | Superior Information Resource Center (SIRC) Superior University- Central Library | Agriculture | 10/01/2024 | 635.967 KEI-G 2007 | 29428 | 10/01/2024 | BOOK | BOOK |
